000 00527nam a2200181Ia 4500
003 GCL
008 140319s9999 xx 000 0 ara d
040 _aGCL /
_cGCL
082 0 4 _a813.03
_bخ ز
100 1 _aخيرى شلبى
245 1 0 _aزهرة الخشخاش :
_bرواية /
_cخيرى شلبى
250 _aالاولى
260 _aالقاهرة :
_bدار الشروق ،
_c2005
300 _a500 ص ؛
_c16 سم
650 0 4 _aالادب العربى
650 0 4 _aالقصة العربية
942 _2ddc
_cBK
999 _c8195
_d8195